000 00603nam a22002057a 4500
005 20100813121646.0
010 _aENG-100331
020 _a8185566518
_c30.00
035 _aEN-83863
037 _bDBAD/PUB
082 _a920
100 _aDey, Arabinda
_912442
245 _aI confess /
_cby Arabinda Dey
260 _aCalcutta
_bC. D. Books
_c1999
270 _bCalcutta
_e6
300 _a159p.
_c20cm (pbk)
650 _aAutobiography
_912443
942 _2ddc
_cEN
_h920
_mDEY
999 _c41556
_d41556